Vinnere av Norway Chess - Statistics

General Stats
  • This quiz has been taken 5 times
    3 since last reset
  • The average score is 1 of 10
Answer Stats
Klassisk Seiere Lyn Seiere Kvinner Seiere Vinner % Correct
2016, 2019-2022, 2024 2014, 2016, 2017 Magnus Carlsen
100%
2018 Fabiano Caruana
33%
2023 Hikaru Nakamura
0%
2024 Ju Wenjun
0%
2017 Levon Aronian
0%
2015, 2019 Maxime Vachier-Lagrave
0%
2023 Nodirbek Abdusattorov
0%
2013, 2014 2013 Sergey Karjakin
0%
2015 Veselin Topalov
0%
2018, 2022 Wesley So
0%
No matching quizzes found
Score Distribution
Percent of People with Each Score
Percentile by Number Answered
Your Score History
You have not taken this quiz since the last reset